Los 100 miedos del actor-iz : (Registro nro. 192194)
[ vista simple ]
| 000 -LEADER | |
|---|---|
| campo de control de longitud fija | 01196nam a2200313 i 4500 |
| 001 - NÚMERO DE CONTROL | |
| campo de control | 192194 |
| 003 - IDENTIFICADOR DE NÚMERO DE CONTROL | |
| campo de control | SpMaBN |
| 005 - FECHA Y HORA DE LA ÚLTIMA TRANSACCIÓN | |
| campo de control | 20240128062954.0 |
| 008 - DATOS DE LONGITUD FIJA--INFORMACIÓN GENERAL | |
| campo de control de longitud fija | 221113s2021 sp a | |||| 000 0 spa |
| 017 ## - NÚMERO DE COPYRIGHT O DE DEPÓSITO LEGAL | |
| Número de copyright o de depósito legal | M 4212-2021 |
| Agencia que asigna | Oficina Depósito Legal Madrid |
| 020 ## - NÚMERO INTERNACIONAL ESTÁNDAR DEL LIBRO | |
| Número Internacional Estándar del Libro | 9788409277667 |
| 040 ## - FUENTE DE CATALOGACIÓN | |
| Centro catalogador/agencia de origen | SpMaBN |
| Lengua de catalogación | spa |
| Centro/agencia transcriptor | SpMaBN |
| Normas de descripción | rda |
| 080 ## - NÚMERO DE LA CLASIFICACIÓN DECIMAL UNIVERSAL | |
| Número de la Clasificación Decimal Universal | 792.028:159.9 |
| 080 ## - NÚMERO DE LA CLASIFICACIÓN DECIMAL UNIVERSAL | |
| Número de la Clasificación Decimal Universal | 159.942.5 |
| 100 1# - ENTRADA PRINCIPAL--NOMBRE DE PERSONA | |
| Nombre de persona | Rico Cabrera, Carmen |
| 9 (RLIN) | 175824 |
| 245 14 - MENCIÓN DEL TÍTULO | |
| Título | Los 100 miedos del actor-iz : |
| Resto del título | los 100 territorios del actor-iz a conquistar / |
| Mención de responsabilidad, etc. | by Carmen Rico & Sucursales Emocionales. |
| 264 ## - PRODUCCIÓN, PUBLICACIÓN, DISTRIBUCIÓN, FABRICACIÓN Y COPYRIGHT | |
| Producción, publicación, distribución, fabricación y copyright | Madrid : |
| Nombre del de productor, editor, distribuidor, fabricante | Fundación AISGE, |
| Fecha de producción, publicación, distribución, fabricación o copyright | [2021] |
| 300 ## - DESCRIPCIÓN FÍSICA | |
| Extensión | 318 páginas : |
| Otras características físicas | ilustraciones (blanco y negro) ; |
| Dimensiones | 20 cm. |
| 490 1# - MENCIÓN DE SERIE | |
| Mención de serie | Fundamentos de actuación ; |
| Designación de volumen o secuencia | 1 |
| 500 ## - NOTA GENERAL | |
| Nota general | Índice |
| 650 #7 - PUNTO DE ACCESO ADICIONAL DE MATERIA--TÉRMINO DE MATERIA | |
| Término de materia o nombre geográfico como elemento de entrada | Arte dramático- |
| Subdivisión general | Aspectos psicológicos. |
| 9 (RLIN) | 175825 |
| 650 07 - PUNTO DE ACCESO ADICIONAL DE MATERIA--TÉRMINO DE MATERIA | |
| Término de materia o nombre geográfico como elemento de entrada | Miedo. |
| 9 (RLIN) | 15034 |
| 830 0# - PUNTO DE ACCESO ADICIONAL DE SERIE-TÍTULO UNIFORME | |
| Título uniforme | Fundamentos de actuación ; |
| Designación de volumen o secuencia | 1 |
| 9 (RLIN) | 226113 |
| 852 4# - LOCALIZACIÓN | |
| Ubicación | ES-MaACL |
| Número de control de estantería | N-8140 |
| Sublocalización o colección | R. 153269 |
| Ubicación en estantería | Depósito J |
| Anotaciones manuscritas | Dedicatoria autógrafa de la autora |
| Donativo/Legado | Donación: Carmen Rico Cabrera |
| itemnumber | 199476 |
| 903 ## - NOMBRE PERSONAL DE DONANTE | |
| a | Rico Cabrera, Carmen |
| e | Donante |
| 9 | 175824 |
| 942 ## - ELEMENTOS DE ENTRADA SECUNDARIOS (KOHA) | |
| Tipo de ítem Koha | Libro impreso |
| Suprimir en OPAC | No |
| Estatus retirado | Estado de pérdida | Fuente del sistema de clasificación o colocación | Estado de daño | No para préstamo | Biblioteca de origen | Biblioteca actual | Ubicación en estantería | Fecha de adquisición | Fuente de adquisición | Total de préstamos | Signatura topográfica completa | Código de barras | Visto por última vez | Tipo de ítem Koha | Nota pública |
|---|---|---|---|---|---|---|---|---|---|---|---|---|---|---|---|
| Clasificación decimal universal | Biblioteca del Ateneo de Madrid | Biblioteca del Ateneo de Madrid | Depósito J | 13/11/2022 | Donación | N-8140 | 101206441 | 23/02/2023 | Libro impreso | Dedicatoria autógrafa de la autora |
